Microbial degradation of sulfamethoxazole and evaluation of biotoxicity potential in fish (Record no. 525451)

000 -LEADER
fixed length control field 00777nam a22002297a 4500
003 - CONTROL NUMBER IDENTIFIER
control field NUST
005 - DATE AND TIME OF LATEST TRANSACTION
control field 20190702070025.0
008 - FIXED-LENGTH DATA ELEMENTS--GENERAL INFORMATION
fixed length control field 190702b ||||| |||| 00| 0 eng d
038 ## - RECORD CONTENT LICENSOR
Staff Name IESE
040 ## - CATALOGING SOURCE
Transcribing agency 0
050 ## - LIBRARY OF CONGRESS CALL NUMBER
Classification number 363.7 ZAF
082 ## - DEWEY DECIMAL CLASSIFICATION NUMBER
Classification number 363.7 ZAF
100 ## - MAIN ENTRY--PERSONAL NAME
Personal name Maimoon Zafar
9 (RLIN) 16334
245 ## - TITLE STATEMENT
Title Microbial degradation of sulfamethoxazole and evaluation of biotoxicity potential in fish
260 ## - PUBLICATION, DISTRIBUTION, ETC.
Place of publication, distribution, etc. Islamabad
Name of publisher, distributor, etc. IESE (SCEE) NUST
Date of publication, distribution, etc. 2019
300 ## - PHYSICAL DESCRIPTION
Extent 97p.
Other physical details H.B
440 ## - SERIES STATEMENT/ADDED ENTRY--TITLE
Title MS Environmental Science
9 (RLIN) 1724
500 ## - GENERAL NOTE
General note Thesis MS ES
650 ## - SUBJECT ADDED ENTRY--TOPICAL TERM
Topical term or geographic name entry element Environmental Science
9 (RLIN) 1725
700 ## - ADDED ENTRY--PERSONAL NAME
Relator code Dr. Imran Hashmi (Supervisor)
942 ## - ADDED ENTRY ELEMENTS (KOHA)
Source of classification or shelving scheme
Koha item type Thesis
Call number prefix IESE
Holdings
Withdrawn status Lost status Source of classification or shelving scheme Damaged status Not for loan Permanent Location Current Location Shelving location Date acquired Total Checkouts Full call number Barcode Date last seen Price effective from Koha item type
        Not For Loan Institute of Environmental Science and Engineering (IESE) Institute of Environmental Science and Engineering (IESE) Thesis 07/02/2019   363.7 ZAF IESE-T-580 07/02/2019 07/02/2019 Thesis
        Not For Loan Institute of Environmental Science and Engineering (IESE) Institute of Environmental Science and Engineering (IESE) Thesis 10/28/2019   363.7 ZAF IESE-T-621 10/28/2019 10/28/2019 Thesis
        Not For Loan Institute of Environmental Science and Engineering (IESE) Institute of Environmental Science and Engineering (IESE) Thesis 10/28/2019   363.7 ZAF IESE-T-620 10/28/2019 10/28/2019 Thesis
        Not For Loan Institute of Environmental Science and Engineering (IESE) Institute of Environmental Science and Engineering (IESE) Thesis 02/04/2020   363.7 ZAF IESE-T-689 02/04/2020 02/04/2020 Thesis
© 2023 Central Library, National University of Sciences and Technology. All Rights Reserved.